Transactions and Papers (Institute of British Geographers)

Detalles Bibliográficos
Formato: Electrónico Revista
Lenguaje:English
Publicado: Wiley
Materias:
Acceso en línea:Full text available on JSTOR[1946-01-01 - 1964-12-01]
Off-campus access
LEADER 00970cas a2200205 a 4500
001 AALejournalJSTOR002913
008 230228c9999 xx r poo 0 0eng d
022 |a 1478-4017 
040 |a BD-DhAAL  |c BD-DhAAL 
245 0 0 |h [electronic resource]  |a Transactions and Papers (Institute of British Geographers) 
260 |b Wiley 
300 |a 1 online resource 
362 0 |a no. 11 
500 |a <strong>Off-Campus Access:</strong> Athens ID and Password Required 
500 |a <strong>On-Campus Access:</strong> No User ID or Password Required 
506 |a Electronic access restricted to authorized BRAC University faculty, staff and students 
538 |a Mode of access: Internet 
650 4 |a Geography ; Social Sciences 
856 4 0 |z Full text available on JSTOR[1946-01-01 - 1964-12-01]  |u https://www.jstor.org/journal/tranpapeinstbrit 
856 4 0 |z Off-campus access  |u https://go.openathens.net/redirector/bracu.ac.bd?url=https%3A%2F%2Fwww.jstor.org%2Fjournal%2Ftranpapeinstbrit